| 000 | 02064cam a2200169 4500500 | ||
|---|---|---|---|
| 005 | 20251228095227.0 | ||
| 041 | _afre | ||
| 042 | _adc | ||
| 100 | 1 | 0 |
_aSag, Jean-Pierre _eauthor |
| 245 | 0 | 0 | _aLe néogothique dans les familles, fantaisie psychanalytique |
| 260 | _c2005. | ||
| 500 | _a74 | ||
| 520 | _aRésuméL’étude psychanalytique de la réception esthétique individuelle, attentive au fantasme, à la fantaisie subjective, à la confidence autobiographique, à la réminiscence culturelle, peut-elle s’élargir à la réception collective ? Les processus affectifs susceptibles de rendre compte d’un goût personnel pour un style (en l’occurrence le néogothique) peuvent-ils être transposés à l’échelle sociale ? À quel équivalent historique d’un conflit inconscient, d’un trauma ou d’un événement passé non élaboré psychiquement pourrait correspondre la résurgence d’une forme dans l’histoire ? D’une manière générale, les systèmes symboliques de déplacement psychique pourraient-ils se retrouver à l’échelle des sociétés et par rapport à quel sujet inconscient de l’histoire ? | ||
| 520 | _aCan the psycho-analytic study of the individual aesthetic reception – attentive to phantasm, to subjective fantasy, to autobiographic confession, to cultural recollection – be expanded to collective reception ? Can the affective processes underlying personal tastes for certain styles (here, the neogothic style) be transposed to the social scale ? To what historical equivalent of an unconscious conflict, of a trauma or of a past event psychically unelaborated could the resurgence of a form in history correspond ? More generally speaking, could the symbolic systems of psychic movement be found at the scale of societies and in relation to what unconscious subject of history ? | ||
| 786 | 0 | _nSociétés & Représentations | 20 | 2 | 2005-09-01 | p. 24-29 | 1262-2966 | |
| 856 | 4 | 1 | _uhttps://shs.cairn.info/revue-societes-et-representations-2005-2-page-24?lang=fr&redirect-ssocas=7080 |
| 999 |
_c1605911 _d1605911 |
||